Personnages de Peaky Blinders - Statistiques

Statistiques générales
  • Ce quiz a été pris 1 615 fois
  • Le résultat moyen est 11 sur 35
Statistiques - réponses
Indices Réponses % Correct
Ainé des frères Shelby Arthur Shelby Jr
93%
Son patron Thomas Shelby
77%
Plus jeune frère de ce dernier Finn Shelby
64%
Le nom de ce dernier John Shelby
61%
Serveuse au Garrison, elle est en réalité en mission d'infiltration auprès des Peaky Blinders Grace Burgess
60%
Elle était à la tête des Peaky Blinders pendant la guerre Polly Shelby
60%
Tombe amoureuse d'un communiste Ada Shelby
58%
Sa femme Linda Shelby
52%
Son premier objectif était de récupérer une caisse d'armes volée à Birmingham Chester Campbell
46%
Il n'intègre les Peaky Blinders qu'à l'âge de 18 ans Michael Gray
46%
Politicien britannique ayant réellement existé Winston Churchill
45%
Membre de la famille Lee, elle épouse un des frères Shelby Esme Lee
44%
Le nom de celui-ci Freddie Thorne
40%
Simple d'esprit mais fidèle, il s'occupe des chevaux appartenant aux Peaky Blinders Curly
37%
Chef d'un gang juif de Camden Town Alfie Solomons
32%
Antagoniste principal de la première saison, il fixe les courses de chevaux Billy Kimber
32%
Italien, principal antagoniste de la saison 4 Luca Changretta
27%
Il a organisé un mariage pour réunir la famille Lee et la famille Shelby lors de la première saison Johnny Dogs
25%
Prénom du fils du personnage principal de la série Charles
24%
Prédicateur de rue, il a juré devant Dieu de ne plus toucher une arme de sa vie Jeremiah Jesus
22%
Il est à la tête du clan Italien à Londres Darby Sabini
21%
Traumatisé par la guerre, il tue un Italien et se fera ensuite passer pour mort Danny Whizz-Bang Owen
18%
Son ami, qui est aussi le fils du prédicateur Isaiah Jesus
17%
Antagoniste principal de la saison 5, il est ministre et membre du parti fasciste Oswald Mosley
16%
Policier de Small Heath, il lui arrive de couvrir les Peaky Blinders Sergent Moss
16%
Tueur à gages, il va se marier avec une membre du clan Shelby Aberama Gold
15%
Ancienne prostituée et secrétaire du Cabinet Shelby Lizzie Stark
15%
Veuve dressant des chevaux May Carleton
15%
S'occupant de la marchandise par bateau, c'est aussi l'oncle maternel des frères Shelby Charlie Strong
11%
Elle manipule son mari pour prendre le contrôle de la Shelby Company Gina Gray
8%
Antagoniste de la saison 3 mais aussi prêtre Père John Hughes
8%
Leader des Billy Boys Jimmy McCavern
4%
Communiste de Birmingham ayant réellement existé Jessie Eden
3%
Il mourra avant de savoir que son amante est enceinte Colonel Ben Younger
2%
Nom de famille des personnages russes de la troisième saison Petrovna
2%
Aucun quiz correspondant
Distribution des résultats
% des personnes avec chaque résultat
Percentile par nombre de réponses
Votre historique - résultats
Vous n’avez pas pris ce quiz